Harry Potter - Statistiques

Statistiques générales
  • Ce quiz a été pris 136 fois
  • Le résultat moyen est 7 sur 13
Statistiques - réponses
Hint Réponse % Correct
Nom de l'école Poudlard
99%
Nom du train Poudlard Express
92%
En quoi se transforme Lupin ? Loup-Garou
85%
Pierre précieuse dans le 1er film Pierre philosophale
75%
Quel animal est torturé par le professeur Maugrey ? Araignée
67%
Le nom de famille des jumelles Parvati et Padma ? Patil
63%
Qui est Buck ? Hippogriffe
57%
Marque associée à Voldemort Marque des ténèbres
51%
Poursuiveuse de l'équipe de Quidditch de Gryffondor qui se fait envoûter par Drago ? Katie Bell
35%
Comment s'appelle l'actrice de Ginny ? Bonnie Wright
27%
Ancien directeur du Bureau des Aurors qui succède à Fudge au poste de ministre de la magie ? Rufus Scrimgeour
25%
Quel animal associe Slughorn à Lily Evans ? Poisson rouge
13%
Que forment Lunard, Queudever, Patmol et Cornedrue ? Les 4 maraudeurs
10%
Aucun quiz correspondant
Distribution des résultats
% des personnes avec chaque résultat
Percentile par nombre de réponses
Votre historique - résultats
Vous n’avez pas pris ce quiz